Unity for identity: struggle for Uttarakhand state (Record no. 396968)

000 -LEADER
fixed length control field 00529cam a22001697a 4500
008 - FIXED-LENGTH DATA ELEMENTS--GENERAL INFORMATION
fixed length control field 180718b2001 xxu||||| |||| 00| 0 eng d
020 ## - INTERNATIONAL STANDARD BOOK NUMBER
International Standard Book Number 8186912061
082 ## - DEWEY DECIMAL CLASSIFICATION NUMBER
Classification number F5x54211 T31
100 ## - MAIN ENTRY--PERSONAL NAME
Personal name Tewari, Indu
245 ## - TITLE STATEMENT
Title Unity for identity: struggle for Uttarakhand state
Statement of responsibility, etc. by Indu Tewari
260 ## - PUBLICATION, DISTRIBUTION, ETC.
Place of publication, distribution, etc. New Delhi
Name of publisher, distributor, etc. K.K.
Date of publication, distribution, etc. 2001
300 ## - PHYSICAL DESCRIPTION
Extent 158p.
650 ## - SUBJECT ADDED ENTRY--TOPICAL TERM
Topical term or geographic name entry element Uttranchal - Politics and government
650 ## - SUBJECT ADDED ENTRY--TOPICAL TERM
Topical term or geographic name entry element Uttrakhand movement
650 ## - SUBJECT ADDED ENTRY--TOPICAL TERM
Topical term or geographic name entry element Regionalism - Uttranchal - India
650 ## - SUBJECT ADDED ENTRY--TOPICAL TERM
Topical term or geographic name entry element Social movements - Uttranchal - India
Holdings
Withdrawn status Lost status Damaged status Not for loan Permanent Location Current Location Date acquired Full call number Barcode Date last seen Price effective from Koha item type
        Indian Institute of Public Administration Indian Institute of Public Administration 2001-07-30 F5x54211 T31 76753 2018-07-21 2018-07-21 Book

Powered by Koha